书目信息 |
| 题名: |
新大纲农村供电所农电工岗位培训教材
|
|
| 作者: | 张银奎 , 徐玉峰 主编 | |
| 分册: | ||
| 出版信息: | 北京 中国水利水电出版社 2007.09 |
|
| 页数: | 483页 | |
| 开本: | 28cm | |
| 丛书名: | ||
| 单 册: | ||
| 中图分类: | TM727.1 | |
| 科图分类: | ||
| 主题词: | 输电技术 , 配电系统--技术 | |
| 电子资源: | ||
| ISBN: | 978-7-5084-4758-2 | |
| 000 | 00703nam0 2200241 45 | |
| 001 | 0946254563 | |
| 005 | 20091026125218.13 | |
| 010 | @a978-7-5084-4758-2@dCNY49.00 | |
| 100 | @a20090515d2007 ekmy0 y0120 ea | |
| 102 | @aCN@b130000 | |
| 102 | @aCN@b110000 | |
| 105 | @ay z 000yy | |
| 200 | 1 | @a新大纲农村供电所农电工岗位培训教材@f张银奎,徐玉峰主编@Fzhang yin kui,xu yu feng zhu bian |
| 210 | @a北京@c中国水利水电出版社@d2007.09 | |
| 215 | @a483页@d28cm | |
| 606 | 0 | @a输电技术 |
| 606 | 0 | @a配电系统@x技术 |
| 690 | @aTM727.1@v4 | |
| 701 | 0 | @a张银奎@Azhang yin kui@4主编 |
| 701 | 0 | @a徐玉峰@Axu yu feng@4主编 |
| 801 | 0 | @aCN@c20091026 |
| 905 | @a10447@dTM727.1@eZ2301 | |
| 906 | @d49@n2@r1 | |
| 新大纲农村供电所农电工岗位培训教材/张银奎,徐玉峰主编.-北京:中国水利水电出版社,2007.09 |
| 483页;28cm |
| ISBN 978-7-5084-4758-2:CNY49.00 |
| ● |
| 相关链接 |
|
|
|
正题名:新大纲农村供电所农电工岗位培训教材
索取号:TM727.1/Z2301
 
预约/预借
| 序号 | 登录号 | 条形码 | 馆藏地/架位号 | 状态 | 备注 |
| 1 | 893148 | 208931487 | 自科库301/301自科库 18排3列2层/ [索取号:TM727.1/Z2301] | 在馆 |